Normal view
MARC view
- Behavioral assessment
Entry Topical Term
001 - CONTROL NUMBER
- control field: 4331
003 - CONTROL NUMBER IDENTIFIER
- control field: OSt
005 - DATE AND TIME OF LATEST TRANSACTION
- control field: 20170515113037.0
008 - FIXED-LENGTH DATA ELEMENTS
- fixed length control field: 170515|| aca||aabn | a|a d
040 ## - CATALOGING SOURCE
- Original cataloging agency: OSt
- Transcribing agency: OSt
150 ## - HEADING--TOPICAL TERM
- Topical term or geographic name entry element: Behavioral assessment
670 ## - SOURCE DATA FOUND
- Source citation: Work cat.: (OSt)0: Zastrow, Charles 4330, Understanding human behavior and the social environment /, 2010

PORTAL AKMAL
E-MEL JKDM
AKMAL2U
G-BAM
u-PUSTAKA